| 000 | 00574nam a2200205 a 4500 | ||
|---|---|---|---|
| 005 | 20240925064935.0 | ||
| 008 | 010911s2000 r 000 0 eng d | ||
| 020 | _a970150559X | ||
| 035 | _aUPN01000111301 | ||
| 049 | _aCG | ||
| 050 | 4 |
_aLB1060 _bS2.7 |
|
| 100 | 1 | _aSambrano, Jazmín | |
| 245 | 1 | 0 |
_aSuperaprendizaje transpersonal / _cJazmín Sambrano. |
| 260 |
_aMéxico : _bAlfaomega : _bAlfadil, _c2000. |
||
| 300 | _a183 p. | ||
| 440 | 0 |
_aVida alternativa ; _v559 |
|
| 650 | 4 |
_aPsicología del aprendizaje _95221 |
|
| 650 | 4 | _aACELERACION EDUCATIVA | |
| 905 | _aLibro | ||
| 999 |
_c85210 _d85210 |
||